Calculus and analytic geometry / (Record no. 181470)
[ view plain ]
| 000 -LEADER | |
|---|---|
| fixed length control field | 01112 a2200217 4500 |
| 003 - CONTROL NUMBER IDENTIFIER | |
| control field | NUST |
| 005 - DATE AND TIME OF LATEST TRANSACTION | |
| control field | 20221121173049.0 |
| 020 ## - INTERNATIONAL STANDARD BOOK NUMBER | |
| International Standard Book Number | 0070611610 |
| 040 ## - CATALOGING SOURCE | |
| Transcribing agency | Nust |
| 082 ## - DEWEY DECIMAL CLASSIFICATION NUMBER | |
| Classification number | 515.5,BAR |
| 100 ## - MAIN ENTRY--PERSONAL NAME | |
| Personal name | Barcellos, Anthony |
| 9 (RLIN) | 103078 |
| 245 ## - TITLE STATEMENT | |
| Title | Calculus and analytic geometry / |
| Statement of responsibility, etc. | Anthony Barcellos |
| 250 ## - EDITION STATEMENT | |
| Edition statement | 4th ed. |
| 260 ## - PUBLICATION, DISTRIBUTION, ETC. | |
| Place of publication, distribution, etc. | New york |
| Name of publisher, distributor, etc. | Mcgraw Hill |
| Date of publication, distribution, etc. | 1987 |
| 300 ## - PHYSICAL DESCRIPTION | |
| Extent | 796 p.: |
| 490 ## - SERIES STATEMENT | |
| Series statement | student's solution manual |
| 505 ## - FORMATTED CONTENTS NOTE | |
| Formatted contents note | Functions (Page-1), Limits And Continuous Functions (Page-13), The Derivative (Page-43), Applications Of The Derivatives(Page-77), The Definite Integral (Page-135), Topics In Differential Calculus (Page-167), Computing Anti derivatives (Page-239), Applications Of The Definite Integral (Page-335), Series And Complex Numbers (Page-439), Partial Derivatives (Page-537)Definite Integrals over plane and Solid Regions (Page-579), The Derivative of a Vector Function (Page-655), Green's Theorem, the Divergence Theorem, and Stokes' Theorem (Page-655). |
| 600 ## - SUBJECT ADDED ENTRY--PERSONAL NAME | |
| Personal name | Anthony Barcellos |
| 9 (RLIN) | 103294 |
| 650 ## - SUBJECT ADDED ENTRY--TOPICAL TERM | |
| Topical term or geographic name entry element | Calculus and Geometry |
| 9 (RLIN) | 103295 |
| 942 ## - ADDED ENTRY ELEMENTS (KOHA) | |
| Source of classification or shelving scheme | |
| Koha item type | Book |
| Call number prefix | 515.5,BAR |
| Withdrawn status | Lost status | Source of classification or shelving scheme | Damaged status | Not for loan | Permanent Location | Current Location | Shelving location | Date acquired | Full call number | Barcode | Date last seen | Price effective from | Koha item type | Public note |
|---|---|---|---|---|---|---|---|---|---|---|---|---|---|---|
| Military College of Signals (MCS) | Military College of Signals (MCS) | General Stacks | 12/12/2016 | 515.5,BAR | MCS26201 | 12/08/2016 | 12/12/2016 | Book | Almirah No.13, Shelf No.5 |
